The Nonprofit Sector / (Record no. 615494)

MARC details
000 -LEADER
fixed length control field 00737nam a2200181Ia 4500
008 - FIXED-LENGTH DATA ELEMENTS--GENERAL INFORMATION
fixed length control field 260225s9999 xx 000 0 und d
020 ## - INTERNATIONAL STANDARD BOOK NUMBER
ISBN 9780300109030
082 ## - DEWEY DECIMAL CLASSIFICATION NUMBER
Classification number 338.74
Item number POW
100 ## - MAIN ENTRY--AUTHOR NAME
Personal name Powell, Walter W.
245 #0 - TITLE STATEMENT
Title The Nonprofit Sector /
Statement of responsibility, etc Powell, Walter W.; Steinberg, Richard
260 ## - PUBLICATION, DISTRIBUTION, ETC. (IMPRINT)
Name of publisher Yale University Press,
Year of publication 2006
300 ## - PHYSICAL DESCRIPTION
Number of Pages 679 pages
520 ## - SUMMARY, ETC.
Summary, etc Provides a multi-disciplinary survey of nonprofit organizations and their role and function in society. This book also examines the nature of philanthropic behaviours and an array of organizations, international issues, social science theories, and insight.
650 ## - SUBJECT ADDED ENTRY--TOPICAL TERM
Topical Term History
700 ## - ADDED ENTRY--PERSONAL NAME
Personal name Steinberg, Richard
942 ## - ADDED ENTRY ELEMENTS (KOHA)
Koha item type English Books
Holdings
Withdrawn status Lost status Damaged status Not for loan Home library Current library Shelving location Date acquired Full call number Accession Number Price effective from Koha item type
        Anna Centenary Library Anna Centenary Library 4TH FLOOR, A WING 25.02.2026 338.74 POW 123005 25.02.2026 English Books

Find us on the map